Double L Blitz Quiz Stats

 Plays Quiz Updated Sep 10, 2015

Challenge
Share
Tweet
Embed
Score 0/34 Timer 06:00
5 Plays Today
Category Answer % Correct
Crayola ColorYellow
86.2%
Poker HandFull House
70.8%
Clue/Cluedo RoomHall
70.6%
Shakespeare PlayOthello
69.3%
US National ParkYellowstone
67.2%
Michael Jackson AlbumThriller
66.9%
US StateIllinois
62.3%
World CurrencyDollar
59.1%
Friends Character's SurnameGeller
53.2%
Simple MachinePulley
50.8%
Sporcle CategoryMiscellaneous
50.7%
Greek Olympian GodApollo
50.6%
Metric Unit of LengthMillimeter
49.6%
Tarantino Directed MovieKill Bill Volume 1
48.4%
Natural LandformHill
47.3%
Olympic Sport (Current)Basketball
46.2%
Harry Potter top 200 Character (First Name)Neville
41.8%
Category Answer % Correct
British Prime Minister (surname)Churchill
41.2%
Geometric ShapeParallelogram
40.1%
Bond MovieThunderball
39.1%
Big 4 Sports TeamBills
36.3%
Human BonePatella
35%
Rock and Roll Hall of Fame BandRolling Stones
33.7%
Peanuts CharacterSally Brown
30.4%
US President (surname)Fillmore
29.9%
ElementBeryllium
29.7%
AKC Dog BreedBulldog
25.7%
CountryMarshall Islands
23.2%
Monty Python MemberTerry Gilliam
22.7%
Punctuation MarkEllipsis
22.3%
World CapitalWellington
21.6%
Apollo AstronautCollins
20.2%
Premier League Team (All-Time)Aston Villa
17%
Academy Award Best Actress Winner (surname)Bullock
10.4%

You're not logged in!

Compare scores with friends on all Sporcle quizzes.
OR
Log In

You Might Also Like...

Show Comments

Extras

Top Quizzes Today


Score Distribution

Your Account Isn't Verified!

In order to create a playlist on Sporcle, you need to verify the email address you used during registration. Go to your Sporcle Settings to finish the process.

Report this User

Report this user for behavior that violates our Community Guidelines.

Details: